000 00465nam a2200181Ia 4500
001 17739
003 IN-NITTTR
005 20251114233208.0
008 251113s9999||||xx |||||||||||||| ||eng||
040 _beng
040 _cIN-NITTTR
041 _aeng
082 _a658.1592 W151F
100 _aWalker, Ernest W.
245 0 _aFinancial management of the small firm. /
_cWalker, Ernest W., Petty, J. William
700 _a Petty, J. William
942 _2ddc
_cBK
999 _c20373
_d20373